| 000 | 00859cab a2200313 4500 | ||
|---|---|---|---|
| 001 | ABS54822 | ||
| 008 | 090401t1996 xxu||||| |||| 00| 0 eng d | ||
| 035 | _a(Sirsi) u12399 | ||
| 041 | _aeng | ||
| 100 | _aMabey, D. | ||
| 245 | _aImproving the system - the Bayliss report | ||
| 260 | _c1996 | ||
| 350 | _a0 | ||
| 490 |
_aEstates Gazette _v(9610) 9 March 1996. 154-156(3) |
||
| 520 | _aDiscusses the principal conclusions and recommendations of the Bayliss report "Improving the rating system". | ||
| 650 | _aAPPEALS | ||
| 650 | _aBAYLISS REPORT | ||
| 650 | _aBUSINESS RATES | ||
| 650 | _aEXEMPTIONS | ||
| 650 | _aNON-DOMESTIC PROPERTY | ||
| 650 | _aRATING | ||
| 650 | _aREFORM | ||
| 650 | _aRELIEF | ||
| 650 | _aREVALUATION | ||
| 650 | _aUNIFORM BUSINESS RATE | ||
| 690 | _aRATING AND VALUATION | ||
| 942 | _n0 | ||
| 948 | _c04/03/1997 | ||
| 999 |
_c7924 _d7924 |
||